[Event "6th EICC"]
[Site "Warsaw POL"]
[Date "2005.07.01"]
[Round "13"]
[White "Neverov,V"]
[Black "Mastrovasilis,A"]
[Result "1-0"]
[WhiteElo "2566"]
[BlackElo "2473"]
[EventDate "2005.06.18"]

1. d4 Nf6 2. c4 e6 3. Nf3 c5 4. d5 d6 5. Nc3 exd5 6. cxd5 g6 7. h3 Bg7 8.
e4 O-O 9. Bd3 Nbd7 10. O-O Nh5 11. Bg5 Bf6 12. Bh6 Bg7 13. Bg5 Bf6 14. Be3
Re8 15. Nd2 Bd4 16. Bxd4 cxd4 17. Ne2 Nc5 18. Qc2 Bxh3 19. gxh3 Rc8 20. Kh2
Qh4 21. f4 Nf6 22. Rf3 Ncxe4 23. Qd1 Ng4+ 24. Kg1 Ngf2 25. Nxe4 Nxd1 26.
Rxd1 Rxe4 27. Bxe4 Re8 28. Bd3 Re3 29. Rdf1 Rxf3 30. Rxf3 Qe1+ 31. Rf1 Qd2
32. Nc1 f5 33. b3 Kg7 34. a4 Kh6 35. Bc4 Kh5 36. Nd3 a6 37. Rf2 Qd1+ 38.
Rf1 Qd2 39. Rf2 Qe3 40. a5 Kh4 41. Kf1 Qe4 42. Re2 Qf3+ 43. Ke1 Qh1+ 44.
Kf2 Kxh3 45. Re7 Qg2+ 46. Ke1 Qa2 47. Rxh7+ Kg3 48. Rxb7 Qxa5+ 49. Kd1 Qa1+
50. Kc2 Qa2+ 51. Nb2 Qa5 52. Nd3 Qa2+ 53. Nb2 Qa5 54. Nd3 Qc3+ 55. Kb1 a5
56. Ra7 Kf3 57. Ra6 Ke3 58. Rxd6 a4 59. Rc6 axb3 60. Ba6 Qa5 61. Nc1 Qxd5
62. Rxg6 Kxf4 63. Nd3+ Ke3 64. Rg3+ Kd2 65. Nc1 f4 66. Rd3+ Ke1 67. Rxb3 f3
68. Bb7 Qf5+ 69. Nd3+ Kd2 70. Ba6 Qe6 71. Rb2+ Ke3 72. Bb5 Qg6 73. Ka2 Qg8+
74. Ka3 Qa8+ 75. Kb4 Qa1 76. Kc5 Qa3+ 77. Kd5 Qa5 78. Kc5 Qc7+ 79. Kd5 Qf7+
80. Kc5 Qf5+ 81. Kb4 Qc8 82. Rf2 Qc3+ 83. Ka4 Qa1+ 84. Kb4 Qc3+ 85. Ka4
Qa1+ 86. Kb4 Qb1+ 87. Kc5 Qb3 88. Rb2 Qa3+ 89. Kd5 Qe7 90. Rf2 Qf7+ 91. Kc5
Qe7+ 92. Kd5 Qd8+ 93. Kc5 Qg5+ 94. Kb4 Qg1 95. Rb2 Qa1 96. Kc5 Qa3+ 97. Kd5
Qc3 98. Rf2 Qb3+ 99. Kc5 Qa3+ 100. Kd5 Qa8+ 101. Kc5 Qf8+ 102. Kd5 Qf5+
103. Kc6 Qg5 104. Rb2 Qh5 105. Kb6 Qd5 106. Ka5 Qd6 107. Ka4 Qc7 108. Rf2
Qc3 109. Rb2 Ke4 110. Rf2 Ke3 111. Rb2 Qc7 112. Kb4 Qa7 113. Rf2 Qc7 114.
Rb2 Qc3+ 115. Ka4 Qc7 116. Kb4 Qd6+ 117. Ka4 Qf8 118. Rf2 Qg8 119. Kb4 Qg6
120. Rxf3+ Ke4 121. Rf4+ Ke3 122. Rf3+ Ke4 123. Rf2 Qg3 124. Re2+ Kf3 125.
Re5 Qg8 126. Kc5 Qd8 127. Bc6+ Kg3 128. Bd5 Qa5+ 129. Kxd4 Qa1+ 130. Ke3
Qa7+ 131. Ke2 Qd4 132. Re3+ Kh2 133. Be6 Qc3 134. Rh3+ Kg1 135. Bd5 Qe1+
136. Kf3 Qf1+ 137. Kg4 Qe2+ 138. Kf4 Qd2+ 139. Kf5 Kf1 140. Nf4 Qc2+ 141.
Kg5 Qc8 142. Rh2 Qd7 143. Bc4+ Kg1 144. Rg2+ Kh1 145. Ra2 Kg1 146. Bd5 Kf1
147. Kh4 Qg7 148. Bg2+ 1-0

[Event "6th EICC"]
[Site "Warsaw POL"]
[Date "2005.07.01"]
[Round "13"]
[White "Smeets,J"]
[Black "Lputian,S"]
[Result "0-1"]
[WhiteElo "2518"]
[BlackElo "2640"]
[EventDate "2005.06.18"]

1. e4 e6 2. d4 d5 3. Nc3 Bb4 4. e5 Ne7 5. a3 Bxc3+ 6. bxc3 c5 7. Qg4 O-O 8.
Bd3 Nbc6 9. Qh4 Ng6 10. Qxd8 Rxd8 11. Nf3 c4 12. Be2 f6 13. h4 fxe5 14. h5
Nf8 15. Nxe5 Nxe5 16. dxe5 Nd7 17. Bf4 Rf8 18. Bh2 Nc5 19. f3 Nd7 20. Kd2
b6 21. Rae1 Bb7 22. Bd1 Rf5 23. g4 Rf7 24. Rhf1 Raf8 25. Ke3 g5 26. hxg6
hxg6 27. Bg3 Kg7 28. Rf2 Rh8 29. Rh2 Rxh2 30. Bxh2 Rf8 31. Bf4 Rh8 32. Kf2
Nc5 33. Kg3 Na4 34. Bd2 Bc6 35. Be2 Nc5 36. Be3 Ba4 37. Bd1 Na6 38. Bg5 Kf7
39. Bf6 Rh7 40. Kf4 Nc7 41. Kg5 Nb5 42. Re3 Rh3 43. Be2 Nxa3 44. Bf1 Rh2
45. f4 Bxc2 46. Bh3 Be4 47. f5 exf5 48. gxf5 gxf5 49. Rg3 Nb5 50. Kh4 d4
51. Rg7+ Ke6 52. cxd4 c3 53. Re7+ Kd5 54. Rd7+ Kc6 55. e6 c2 56. Bg5 Nc7
57. Bf4 Nxe6 58. Rd6+ Kb5 59. Rxe6 Rh1 60. Re5+ Kc4 61. Re7 Bg2 62. Rc7+
Kxd4 63. Kg3 Bxh3 64. Rxc2 Bg4 65. Ra2 Rh3+ 66. Kg2 Rh7 0-1

[Event "6th EICC"]
[Site "Warsaw POL"]
[Date "2005.07.01"]
[Round "13"]
[White "Fressinet,L"]
[Black "Ibrahimov,R"]
[Result "1-0"]
[WhiteElo "2638"]
[BlackElo "2511"]
[EventDate "2005.06.18"]

1. d4 Nf6 2. Nf3 e6 3. c4 b6 4. Nc3 Bb7 5. Bg5 Be7 6. Qc2 h6 7. Bh4 d5 8.
Bxf6 Bxf6 9. cxd5 exd5 10. g3 O-O 11. Bg2 Qe7 12. O-O Rd8 13. Rfe1 c5 14.
dxc5 d4 15. Nb5 Be4 16. Qc4 Bd5 17. Qc1 a6 18. e4 axb5 19. exd5 Qxc5 20.
Qd2 Ra7 21. Ne5 Re7 22. Rac1 Qd6 23. Ng4 Bg5 24. f4 Rxe1+ 25. Rxe1 Be7 26.
Qe2 Bf8 27. Qxb5 Nd7 28. Qc4 Qg6 29. Nf2 Nf6 30. b4 h5 31. Nd3 Ra8 32. Ne5
Qf5 33. d6 Ra7 34. Nc6 1-0

[Event "6th EICC"]
[Site "Warsaw POL"]
[Date "2005.07.01"]
[Round "13"]
[White "Inarkiev,E"]
[Black "L'Ami,E"]
[Result "1/2-1/2"]
[WhiteElo "2612"]
[BlackElo "2515"]
[EventDate "2005.06.18"]

1. Nf3 Nf6 2. c4 e6 3. Nc3 Bb4 4. Qc2 O-O 5. a3 Bxc3 6. Qxc3 b6 7. e3 Bb7
8. Be2 d6 9. b4 Nbd7 10. Bb2 c5 11. O-O 1/2-1/2

[Event "6th EICC"]
[Site "Warsaw POL"]
[Date "2005.07.01"]
[Round "13"]
[White "Petrosian,TL"]
[Black "Mamedov,Rau"]
[Result "1-0"]
[WhiteElo "2599"]
[BlackElo "2511"]
[EventDate "2005.06.18"]

1. e4 c5 2. c3 d6 3. d4 Nf6 4. Bd3 cxd4 5. cxd4 g6 6. Nc3 Bg7 7. h3 O-O 8.
Nf3 Nc6 9. Be3 e5 10. O-O exd4 11. Nxd4 Ng4 12. hxg4 Nxd4 13. Bc4 Nc6 14.
g5 a6 15. Qd2 Ne5 16. Be2 Be6 17. Bd4 f6 18. f4 Nc6 19. gxf6 Bxf6 20. Be3
Qe7 21. Rad1 Rad8 22. Nd5 Bxd5 23. exd5 Nd4 24. Bxd4 Bxd4+ 25. Qxd4 Qxe2
26. Rfe1 Qb5 27. Re7 Rf7 28. Rxf7 Kxf7 29. Rc1 Qd7 30. f5 gxf5 31. Qh4 Kg6
32. Rc3 h6 33. Rh3 Rh8 34. Qh5+ Kg7 35. Rg3+ Kf8 36. Qg6 Qf7 37. Qxd6+ Qe7
38. Qb8+ Qe8 39. Qc7 Qe1+ 40. Kh2 Qe7 41. Qc8+ 1-0

[Event "6th EICC"]
[Site "Warsaw POL"]
[Date "2005.07.01"]
[Round "13"]
[White "Nalbandian,T"]
[Black "Khismatullin,D"]
[Result "1-0"]
[WhiteElo "2508"]
[BlackElo "2572"]
[EventDate "2005.06.18"]

1. Nf3 c5 2. g3 Nc6 3. c4 e5 4. Nc3 g6 5. Bg2 Bg7 6. O-O d6 7. Ne1 Be6 8.
d3 Nge7 9. Nc2 d5 10. cxd5 Nxd5 11. Ne3 Nde7 12. Ne4 b6 13. b4 Nxb4 14. Ng5
Bd7 15. Bxa8 Qxa8 16. a4 h6 17. Ne4 Bh3 18. a5 Qc6 19. axb6 axb6 20. Qa4
Bxf1 21. Kxf1 f5 22. Nd6+ Kd7 23. Nec4 e4 24. dxe4 b5 25. Nxb5 fxe4 26. Na5
Qf6 27. Nb3 Qc6 28. Be3 Bxa1 29. Nxc5+ Kd8 30. Qxa1 Rf8 31. Qa5+ Ke8 32.
Qxb4 Nf5 33. Kg2 1-0

[Event "6th EICC"]
[Site "Warsaw POL"]
[Date "2005.07.01"]
[Round "13"]
[White "Iljin,A"]
[Black "Markowski,T"]
[Result "0-1"]
[WhiteElo "2484"]
[BlackElo "2560"]
[EventDate "2005.06.18"]

1. e4 c5 2. Nf3 e6 3. d3 Nc6 4. g3 Nf6 5. Bg2 Be7 6. O-O O-O 7. c4 d6 8.
Nc3 a6 9. Ng5 Nd7 10. h4 Rb8 11. f4 Nd4 12. Ne2 h6 13. Nh3 Bf6 14. Kh2 b5
15. g4 Nxe2 16. Qxe2 bxc4 17. dxc4 Bd4 18. g5 hxg5 19. hxg5 g6 20. Rb1 Qa5
21. b3 Bb7 22. f5 exf5 23. exf5 Rbe8 24. Qc2 Bxg2 25. Qxg2 Re5 26. Bf4 Rxf5
27. Bxd6 Be5+ 28. Bxe5 Rxe5 29. Rbd1 Qc7 30. Qg3 Rfe8 31. Rf2 Qc6 32. Qf3
Qe6 33. Nf4 Qf5 34. Qg2 Re4 35. Nd5 Qe5+ 36. Kg1 a5 37. Rdf1 Qd4 38. Qf3
Rg4+ 39. Kh1 Rh4+ 40. Kg2 f5 41. Nf4 Re4 42. Rd1 Qe5 43. Nh3 Rhg4+ 44. Kf1
Rg3 45. Qh1 Rge3 46. Ng1 Re1+ 47. Rxe1 Rxe1+ 48. Kg2 Qe4+ 49. Kh2 Qh4+ 50.
Kg2 Qxg5+ 51. Kh2 Nf6 0-1

[Event "6th EICC"]
[Site "Warsaw POL"]
[Date "2005.07.01"]
[Round "13"]
[White "Guliev,S"]
[Black "Grigoriants,S RUS"]
[Result "1/2-1/2"]
[WhiteElo "2481"]
[BlackElo "2553"]
[EventDate "2005.06.18"]

1. d4 Nf6 2. c4 e6 3. Nc3 Bb4 4. e3 O-O 5. Nf3 c5 6. Bd3 d5 7. O-O cxd4 8.
exd4 dxc4 9. Bxc4 b6 10. Qe2 Bb7 11. Rd1 Bxc3 12. bxc3 Qc7 13. Bb2 Bxf3 14.
gxf3 Nc6 15. Kh1 Ne7 16. Rg1 Ng6 17. Rg5 Nf4 18. Qe3 N6d5 19. Bxd5 Nxd5 20.
Qe4 Nxc3 21. Bxc3 Qxc3 22. Rag1 g6 23. Rxg6+ 1/2-1/2

[Event "6th EICC"]
[Site "Warsaw POL"]
[Date "2005.07.01"]
[Round "13"]
[White "Khmelniker,I"]
[Black "Potkin,V"]
[Result "1/2-1/2"]
[WhiteElo "2458"]
[BlackElo "2552"]
[EventDate "2005.06.18"]

1. d4 d5 2. Nf3 Nf6 3. c4 e6 4. g3 dxc4 5. Bg2 a6 6. O-O Nc6 7. Nc3 Rb8 8.
e4 Be7 9. Bf4 O-O 10. Qe2 Nxd4 11. Qxc4 Nxf3+ 12. Bxf3 Bd7 13. Rfd1 Qc8 14.
e5 Nd5 15. Bxd5 exd5 16. Nxd5 Bd8 17. Qc5 Bc6 18. f3 Qh3 19. Rd3 Re8 20.
Rad1 h6 21. Qd4 Rc8 22. Bd2 Qe6 1/2-1/2

[Event "6th EICC"]
[Site "Warsaw POL"]
[Date "2005.07.01"]
[Round "13"]
[White "Kritz,L"]
[Black "Karlsson,L"]
[Result "0-1"]
[WhiteElo "2549"]
[BlackElo "2472"]
[EventDate "2005.06.18"]

1. e4 e6 2. d4 d5 3. Nc3 Bb4 4. e5 b6 5. Qg4 Bf8 6. h4 Qd7 7. h5 Ba6 8.
Bxa6 Nxa6 9. Qe2 Nb8 10. h6 Nxh6 11. Bxh6 gxh6 12. O-O-O Rg8 13. g3 Nc6 14.
Qd3 O-O-O 15. Nf3 Rg6 16. Ne2 Nb4 17. Qb3 c5 18. a3 c4 19. Qe3 Nc6 20. Nf4
Rg4 21. Nh5 Re4 22. Qc3 Be7 23. Nf6 Bxf6 24. exf6 b5 25. Rxh6 a5 26. Ne5
Nxe5 27. dxe5 Qa7 28. Rxh7 b4 29. Qf3 Rxe5 30. Rh5 Rxh5 31. Qxh5 bxa3 32.
bxa3 Rd7 33. Qf3 Qc5 34. Kb2 c3+ 35. Ka2 Rb7 0-1

[Event "6th EICC"]
[Site "Warsaw POL"]
[Date "2005.07.01"]
[Round "13"]
[White "Gajewski,G"]
[Black "Gagunashvili,M"]
[Result "0-1"]
[WhiteElo "2396"]
[BlackElo "2547"]
[EventDate "2005.06.18"]

1. d4 Nf6 2. Nf3 e6 3. Bg5 h6 4. Bh4 c5 5. c3 b6 6. Nbd2 Bb7 7. e3 Be7 8.
Bd3 O-O 9. O-O Nd5 10. Bg3 f5 11. e4 fxe4 12. Bxe4 Qc8 13. Ne5 Nf6 14. Bxb7
Qxb7 15. Ng6 Re8 16. Nxe7+ Rxe7 17. dxc5 bxc5 18. Bd6 Re8 19. Bxc5 Qxb2 20.
Bb4 Rc8 21. Nb3 Nc6 22. Rb1 Qxa2 23. Ra1 Nxb4 24. Rxa2 Nxa2 25. c4 Rab8 26.
Qa1 Rxb3 27. Qxa2 Rc3 28. Qxa7 R8xc4 29. h3 Rc2 30. Qb8+ Rc8 31. Qb7 R8c4
32. Qb3 Kf7 33. Qf3 Rc7 34. Rb1 Rd2 35. Rd1 Rb2 36. Rd3 d5 37. Rc3 Rb1+ 38.
Kh2 Rbb7 39. Rxc7+ Rxc7 40. Qf4 Rd7 41. Qd4 Rd6 42. Qe5 Rd7 43. Qd4 Kg8 44.
Kg1 Rc7 45. Kh2 Kh8 46. Qe5 Rd7 47. Qxe6 d4 48. Qe2 d3 49. Qd2 Rd5 50. f3
Nd7 51. f4 Nf6 52. f5 Rd6 53. Qb4 Rd7 54. Qd2 Kh7 55. Qc1 d2 56. Qd1 Kh8
57. g3 Ne4 58. f6 Nxf6 59. Kg2 Ne4 0-1

[Event "6th EICC"]
[Site "Warsaw POL"]
[Date "2005.07.01"]
[Round "13"]
[White "Bagheri,A"]
[Black "Magalashvili,D"]
[Result "1/2-1/2"]
[WhiteElo "2518"]
[BlackElo "2445"]
[EventDate "2005.06.18"]

1. d4 d5 2. Bf4 Nf6 3. e3 e6 4. Nf3 c5 5. c3 Nc6 6. Nbd2 Bd6 7. dxc5 Bxc5
8. Bd3 O-O 9. O-O h6 10. Qe2 Nh5 11. Nb3 Bd6 12. Bxd6 Qxd6 13. Rad1 Qe7 14.
Bb1 Nf6 15. c4 dxc4 16. Qxc4 e5 17. Qc5 Bg4 18. Qxe7 Nxe7 19. Rc1 Bxf3 20.
gxf3 Rac8 21. Nc5 b6 22. Nd3 Nd7 23. f4 exf4 24. Nxf4 g6 25. Kg2 1/2-1/2

[Event "6th EICC"]
[Site "Warsaw POL"]
[Date "2005.07.01"]
[Round "13"]
[White "Lopez Martinez,J"]
[Black "Nataf,IA"]
[Result "1/2-1/2"]
[WhiteElo "2488"]
[BlackElo "2559"]
[EventDate "2005.06.18"]

1. e4 c5 2. Nf3 Nc6 3. d4 cxd4 4. Nxd4 e5 5. Nb5 d6 6. N1c3 a6 7. Na3 b5 8.
Nd5 Nf6 9. Bg5 Be7 10. Bxf6 Bxf6 11. c3 Bg5 12. Nc2 O-O 13. a4 bxa4 14.
Rxa4 a5 15. Bb5 Ne7 1/2-1/2

[Event "6th EICC"]
[Site "Warsaw POL"]
[Date "2005.07.01"]
[Round "13"]
[White "Romanishin,O"]
[Black "Grabarczyk,M"]
[Result "1/2-1/2"]
[WhiteElo "2559"]
[BlackElo "2487"]
[EventDate "2005.06.18"]

1. d4 d5 2. c4 dxc4 3. Nf3 Nf6 4. e3 a6 5. Bxc4 b5 6. Be2 e6 7. O-O Bb7 8.
Ne5 Nbd7 9. Bf3 Qc8 10. Nc6 Bd6 11. Nc3 O-O 12. Bd2 e5 13. Rc1 Re8 14. Na5
Bxf3 15. Qxf3 e4 16. Qh3 c5 17. Ne2 Qb8 18. Ng3 Bxg3 19. hxg3 cxd4 20. exd4
Qd6 21. g4 h6 22. g5 hxg5 23. Bxg5 Qd5 24. Bxf6 Nxf6 25. Nb3 Qe6 26. Qxe6
Rxe6 27. Rfe1 Rd6 28. Rc5 a5 29. Rxb5 a4 30. Nc1 Rxd4 31. Ne2 Rd2 32. Nc3
a3 33. bxa3 Rc2 34. Nxe4 Nxe4 35. Rxe4 Rxa2 36. Re3 R2xa3 1/2-1/2

[Event "6th EICC"]
[Site "Warsaw POL"]
[Date "2005.07.01"]
[Round "13"]
[White "Kurnosov,I"]
[Black "Kristjansson,St"]
[Result "1/2-1/2"]
[WhiteElo "2550"]
[BlackElo "2461"]
[EventDate "2005.06.18"]

1. e4 c5 2. Nf3 d6 3. d4 cxd4 4. Nxd4 Nf6 5. Nc3 g6 6. Be3 Bg7 7. f3 a6 8.
Qd2 Nbd7 9. g4 b5 10. g5 Nh5 11. O-O-O Bb7 12. Nce2 Ne5 13. Ng3 Nxg3 14.
hxg3 Rc8 15. Rh4 O-O 16. Be2 d5 17. f4 Nc4 18. Bxc4 dxc4 19. Qh2 c3 20.
Rxh7 cxb2+ 21. Kb1 Bxe4 22. Rd2 Qa5 23. Rxg7+ Kxg7 24. Qh6+ Kg8 25. Rh2
Qe1+ 26. Kxb2 Qb4+ 27. Kc1 Qe1+ 28. Kb2 Qb4+ 29. Kc1 1/2-1/2

[Event "6th EICC"]
[Site "Warsaw POL"]
[Date "2005.07.01"]
[Round "13"]
[White "Czarnota,P"]
[Black "Sulskis,S"]
[Result "1-0"]
[WhiteElo "2478"]
[BlackElo "2545"]
[EventDate "2005.06.18"]

1. e4 c5 2. Nf3 e6 3. d4 cxd4 4. Nxd4 Nf6 5. Nc3 Bb4 6. e5 Nd5 7. Bd2 Nxc3
8. bxc3 Be7 9. Qg4 O-O 10. Bh6 g6 11. h4 Qa5 12. Qg3 d6 13. Nb5 Nd7 14. h5
Nxe5 15. f4 Bd7 16. fxe5 Bxb5 17. Bxb5 Qxb5 18. Bxf8 Bxf8 19. exd6 Rd8 20.
Rd1 Bg7 21. Qd3 Qc5 22. c4 Rd7 23. hxg6 hxg6 24. Qe4 Rxd6 25. Rxd6 Qxd6 26.
Rh3 b6 27. Rd3 Qc5 28. Ke2 Bf6 29. Rd7 a5 30. Rd3 Be7 31. Qd4 Qg5 32. Kf3
Qh5+ 33. Qg4 Qh1 34. Kg3 Bf6 35. Qe4 Qh5 36. Kf2 Be7 37. Kg3 Qg5+ 38. Kh2
Qc1 39. Rd7 Qh6+ 40. Kg3 Qg5+ 41. Kf3 Bc5 42. Qf4 Qh5+ 43. Kg3 Qf5 44. Qxf5
gxf5 45. Kf4 Kg7 46. Ke5 Bg1 47. Rd3 Bh2+ 48. g3 Kg6 49. c5 bxc5 50. Kf4
Bg1 51. Ra3 Bd4 52. Rxa5 e5+ 53. Kf3 e4+ 54. Kg2 f4 55. gxf4 Kf5 56. Ra7 f6
57. a4 Kxf4 58. a5 Ke3 59. a6 c4 60. Rd7 Bb6 61. Kf1 f5 62. Ke1 f4 63. a7
Bxa7 64. Rxa7 Kd4 65. Kd2 e3+ 66. Ke2 Kc3 67. Rc7 Kd4 68. Rf7 1-0

[Event "6th EICC"]
[Site "Warsaw POL"]
[Date "2005.07.01"]
[Round "13"]
[White "Firman,N"]
[Black "Shomoev,A"]
[Result "0-1"]
[WhiteElo "2471"]
[BlackElo "2540"]
[EventDate "2005.06.18"]

1. e4 c5 2. Nf3 d6 3. d4 cxd4 4. Nxd4 Nf6 5. Nc3 a6 6. Bc4 e6 7. Bb3 Nbd7
8. Bg5 Qa5 9. Bxf6 Nxf6 10. Qf3 Be7 11. O-O-O O-O 12. Kb1 Nd7 13. g4 Nc5
14. Rhg1 Bd7 15. g5 b5 16. Nf5 exf5 17. exf5 Nxb3 18. axb3 Rfc8 19. Nd5 Bf8
20. g6 Qd8 21. gxf7+ Kxf7 22. Rd4 Rc5 23. f6 g6 24. Rh4 h6 25. Rxg6 Rxd5
26. Qxd5+ Kxg6 27. Qe4+ Kxf6 28. Rf4+ Kg7 29. Qd4+ Kg8 30. Qd5+ Kh8 31. Rf7
Qe8 32. Rxd7 Qxd7 33. Qxa8 Qf5 34. f3 d5 35. Qxa6 d4 36. Ka2 Bg7 37. Qc6
Kh7 38. Ka3 Qe5 39. Kb4 Bf8+ 40. Ka5 b4+ 41. Ka4 Qd6 42. Kb5 Qxc6+ 43. Kxc6
Kg6 44. Kd5 d3 45. cxd3 Kf5 46. d4 Kf4 47. Ke6 Kxf3 48. d5 Bc5 49. d6 Ke4
50. d7 Bb6 51. Kd6 h5 52. Kc6 Bd8 53. Kb5 Be7 54. d8=Q Bxd8 55. Kxb4 h4 56.
h3 Kf4 0-1

[Event "6th EICC"]
[Site "Warsaw POL"]
[Date "2005.07.01"]
[Round "13"]
[White "Portisch,L"]
[Black "Gaprindashvili,V"]
[Result "1/2-1/2"]
[WhiteElo "2525"]
[BlackElo "2415"]
[EventDate "2005.06.18"]

1. c4 e6 2. g3 Nf6 3. Bg2 d5 4. Nf3 c6 5. b3 a5 6. a3 a4 7. cxd5 cxd5 8. b4
Nbd7 9. Bb2 Nb6 10. d3 Be7 11. O-O O-O 12. Nbd2 Bd7 13. Rc1 Bb5 14. Nd4 Qd7
15. N2f3 Rfc8 16. Bh3 Bd8 17. Qd2 Qe8 18. Qe3 Bd7 19. Nc2 Ra6 20. Ne5 Na8
21. Nd4 Rxc1 22. Rxc1 Nc7 23. Rc5 Ra8 24. Bg2 Na6 25. Rc2 Bb6 26. Qc1 Bxd4
27. Bxd4 Bb5 28. Bb2 Nd7 29. Nf3 e5 30. Nh4 Nb6 31. f4 e4 32. dxe4 Nc4 33.
Nf5 g6 34. Nh6+ Kf8 35. Ng4 Qe6 36. Nf6 dxe4 37. Nxh7+ Ke7 38. Bf6+ Ke8 39.
Bd4 f5 40. e3 Nd6 41. Ng5 Qd5 42. h3 Bd3 43. Rc3 Qa2 44. g4 Kd7 45. Qd1 Nc7
46. gxf5 Ncb5 47. Rc1 Nxd4 48. exd4 Nxf5 49. Qe1 Qxa3 50. Nf7 Qb2 51. Ne5+
Kd8 52. Rd1 Qxd4+ 53. Kh2 Kc7 54. Bxe4 Qxe4 55. Qc3+ Bc4 56. Qxc4+ Qxc4 57.
Nxc4 a3 58. Ra1 b6 59. Rc1 Kb8 60. Rb1 Ra4 61. Ra1 Kb7 62. Rc1 Rxb4 63.
Nxa3 Rb2+ 64. Kg1 Rd2 65. Rc3 Ne7 1/2-1/2

[Event "6th EICC"]
[Site "Warsaw POL"]
[Date "2005.07.01"]
[Round "13"]
[White "Berescu,A"]
[Black "Khairullin,I"]
[Result "1/2-1/2"]
[WhiteElo "2439"]
[BlackElo "2517"]
[EventDate "2005.06.18"]

1. e4 c5 2. Nf3 Nc6 3. d4 cxd4 4. Nxd4 Nf6 5. Nc3 e5 6. Ndb5 d6 7. Bg5 a6
8. Na3 b5 9. Nd5 Be7 10. Bxf6 Bxf6 11. c3 O-O 12. Nc2 Bg5 13. a4 bxa4 14.
Rxa4 a5 15. Bc4 Rb8 16. Ra2 g6 17. Nce3 Kg7 18. h4 Bxh4 19. g3 Bg5 20. f4
exf4 21. gxf4 Bh4+ 22. Kf1 Rh8 23. b3 h5 24. Rg2 Kf8 25. Rd2 Kg7 26. Rg2
Kf8 27. Rd2 Kg7 1/2-1/2

[Event "6th EICC"]
[Site "Warsaw POL"]
[Date "2005.07.01"]
[Round "13"]
[White "Leniart,A"]
[Black "Stevic,H"]
[Result "0-1"]
[WhiteElo "2279"]
[BlackElo "2514"]
[EventDate "2005.06.18"]

1. d4 d5 2. c4 dxc4 3. e3 Nf6 4. Bxc4 e6 5. Nf3 c5 6. O-O a6 7. Bb3 Nc6 8.
Nc3 cxd4 9. exd4 Be7 10. Re1 O-O 11. a3 Na5 12. Bc2 b5 13. d5 Nxd5 14. Nxd5
exd5 15. Qd3 g6 16. Bh6 Re8 17. Qc3 f6 18. Nd4 Nc4 19. Qg3 Kf7 20. h4 Bd6
21. Qf3 Be5 22. h5 Qd6 23. Qd3 f5 24. f4 Bxd4+ 25. Qxd4 Qb6 26. Qxb6 Rxe1+
27. Rxe1 Nxb6 28. g4 Be6 29. hxg6+ hxg6 30. gxf5 gxf5 31. Bg5 Nc4 32. Re2
Rh8 33. a4 d4 34. axb5 axb5 35. b3 Ne3 36. Bd3 Bxb3 37. Bxb5 Bd5 38. Rd2
Ng4 39. Kf1 Bf3 40. Bc4+ Kg6 41. Rxd4 Rh1+ 0-1

[Event "6th EICC"]
[Site "Warsaw POL"]
[Date "2005.07.01"]
[Round "13"]
[White "Bakalarz,M"]
[Black "Pavasovic,D"]
[Result "1/2-1/2"]
[WhiteElo "2408"]
[BlackElo "2593"]
[EventDate "2005.06.18"]

1. e4 e5 2. Nf3 Nc6 3. d4 exd4 4. Nxd4 Nf6 5. Nc3 Bb4 6. Nxc6 bxc6 7. Bd3
d6 8. Bd2 Be6 9. a3 Ba5 10. O-O Ng4 11. Be2 Nf6 12. Re1 O-O 13. b4 Bb6 14.
Bg5 h6 15. Bh4 g5 16. Bg3 Nd7 17. Na4 Qf6 1/2-1/2

[Event "6th EICC"]
[Site "Warsaw POL"]
[Date "2005.07.01"]
[Round "13"]
[White "Fedorchuk,S"]
[Black "Loeffler,S"]
[Result "1-0"]
[WhiteElo "2577"]
[BlackElo "2429"]
[EventDate "2005.06.18"]

1. e4 Nf6 2. e5 Nd5 3. d4 d6 4. Nf3 dxe5 5. Nxe5 c6 6. Bd3 Nd7 7. Nf3 N7f6
8. Ne5 g6 9. O-O Bg7 10. Re1 O-O 11. c3 c5 12. dxc5 Qc7 13. b4 a5 14. Bc4
e6 15. b5 Rd8 16. Nd3 e5 17. Nxe5 Qxc5 18. Be3 Qc7 19. Bd4 Be6 20. Nd2 Nd7
21. Nxd7 Nxc3 22. Bxc3 Bxc3 23. Bxe6 fxe6 24. Rc1 Rxd7 25. Re3 Rad8 26.
Rexc3 Qf4 27. Qe1 Rxd2 28. Qxe6+ Kh8 29. Qe1 Rxa2 30. g3 Qd4 31. Rc4 Qd5
32. Qc3+ Kg8 33. Rc7 Rd7 34. Rc8+ Kf7 35. Qh8 Ke6 36. R8c5 Qd4 37. Re1+ Kf7
38. Qe8+ Kg7 39. Re7+ Rxe7 40. Qxe7+ Kh6 41. Qf8+ Qg7 42. Qf4+ g5 43. Qe3
Ra4 44. Re5 Rf4 45. h4 Rg4 46. Kg2 1-0

[Event "6th EICC"]
[Site "Warsaw POL"]
[Date "2005.07.01"]
[Round "13"]
[White "Krysztofiak,M"]
[Black "Perunovic,Mil"]
[Result "1/2-1/2"]
[WhiteElo "2401"]
[BlackElo "2549"]
[EventDate "2005.06.18"]

1. d4 Nf6 2. c4 e6 3. Nc3 Bb4 4. Qc2 c5 5. dxc5 O-O 6. a3 Bxc5 7. Nf3 b6 8.
Bg5 Bb7 9. e4 h6 10. Bh4 Be7 11. Rd1 Nh5 12. Bg3 Nxg3 13. hxg3 a6 14. e5 f5
15. exf6 Bxf6 16. Ne4 Bxb2 17. Be2 Bf6 18. Nd6 Bxf3 19. Bxf3 Nc6 20. Rh5 b5
21. cxb5 axb5 22. Bxc6 dxc6 23. Qxc6 Qa5+ 24. Kf1 Qxa3 25. Nxb5 Qb3 26. Re1
Ra1 27. Rxa1 Bxa1 28. f3 Qd1+ 29. Kf2 Bd4+ 30. Nxd4 Qxd4+ 31. Kf1 Qd1+ 32.
Kf2 Qd4+ 33. Kf1 Qd1+ 34. Kf2 1/2-1/2

[Event "6th EICC"]
[Site "Warsaw POL"]
[Date "2005.07.01"]
[Round "13"]
[White "Winants,L"]
[Black "Guseinov,El"]
[Result "1/2-1/2"]
[WhiteElo "2535"]
[BlackElo "2391"]
[EventDate "2005.06.18"]

1. c4 f5 2. Nc3 Nf6 3. g3 e6 4. Bg2 c6 5. d4 d5 6. Nf3 Bd6 7. O-O O-O 8. b3
Qe7 9. Bb2 b6 10. Rc1 Bb7 1/2-1/2

[Event "6th EICC"]
[Site "Warsaw POL"]
[Date "2005.07.01"]
[Round "13"]
[White "Olszewski,Mi"]
[Black "Urban,K"]
[Result "1-0"]
[WhiteElo "2387"]
[BlackElo "2497"]
[EventDate "2005.06.18"]

1. e4 c6 2. d4 d5 3. Nc3 dxe4 4. Nxe4 Bf5 5. Nc5 Nd7 6. Nd3 Ngf6 7. Nf3 e6
8. g3 Qb6 9. c3 Be4 10. Be2 c5 11. O-O cxd4 12. Nxd4 e5 13. Nf3 Bd6 14. Nd2
Bd5 15. c4 Be6 16. b4 Qc7 17. c5 Be7 18. Bb2 O-O 19. Bf3 Nd5 20. Re1 f6 21.
Bg2 Rfd8 22. Qe2 Nf8 23. Nb3 Rac8 24. Rac1 Qd7 25. f4 exf4 26. Nd4 Ne3 27.
Nxf4 Nxg2 28. Nxg2 Kf7 29. Nf4 Bg4 30. Qc4+ Ke8 31. h3 Bxh3 32. Re3 Bg4 33.
Rce1 Rc7 34. Nb5 Rc6 35. Nd6+ Rxd6 36. cxd6 1-0

[Event "6th EICC"]
[Site "Warsaw POL"]
[Date "2005.07.01"]
[Round "13"]
[White "Williams,Si"]
[Black "Warakomski,T"]
[Result "1-0"]
[WhiteElo "2466"]
[BlackElo "2384"]
[EventDate "2005.06.18"]

1. d4 d5 2. c4 dxc4 3. e3 Nf6 4. Bxc4 e6 5. Nf3 c5 6. O-O a6 7. Nc3 Nc6 8.
Bb3 cxd4 9. exd4 Be7 10. Bg5 O-O 11. Qd2 b5 12. Qf4 Bb7 13. Rad1 Nb4 14.
Rfe1 Nfd5 15. Qg3 Nxc3 16. bxc3 Nd5 17. Bc2 Rc8 18. Re5 Bxg5 19. Bxh7+ Kxh7
20. Nxg5+ Kg8 21. Qh4 Nf6 22. Rd3 g6 23. Qh6 Rxc3 24. Rxc3 Qxd4 25. Rce3
Qd1+ 26. Re1 Qh5 27. Qxh5 Nxh5 28. f3 Bd5 29. R5e2 Rc8 30. Ne4 Nf4 31. Rd2
Bc4 32. a4 Nd5 33. axb5 axb5 34. Rb2 Rc6 35. Ra1 f5 36. Ng5 Kg7 37. Ra7+
Kf6 38. h4 Ke5 39. Rd2 b4 40. Rg7 Kf6 41. Rf7+ Ke5 42. Rf8 b3 43. Nf7+ Kf6
44. Nd8+ Ke7 45. Nxc6+ Kxf8 46. Na5 Ne3 47. Rd8+ Ke7 48. Rb8 Bd5 49. Nxb3
f4 50. Nc5 e5 51. Rb6 Nf5 52. Nd3 Nxh4 53. Nxe5 Be6 54. Nc6+ Kf8 55. Nd4
Bf7 56. Rf6 g5 57. Nf5 Ng6 58. Nd6 Nh8 59. Rf5 Ke7 60. Ne4 g4 61. fxg4 Ng6
62. Ng5 Be8 63. Nh7 Bc6 64. Rf6 Be4 65. g5 Bd3 66. Rb6 Ne5 67. Nf6 Bc4 68.
Kf2 Nd3+ 69. Kf3 Ne1+ 70. Kxf4 Nxg2+ 71. Ke5 Kf7 72. Nh5 Nh4 73. Nf4 Kg7
74. g6 Nf3+ 75. Kf5 Kh6 76. Kf6 Ng5 77. Rb7 Ne4+ 78. Ke5 Ng5 79. Re7 Bb3
80. Kf6 Bc2 81. Re2 Ne4+ 82. Ke5 Nd2 1-0

[Event "6th EICC"]
[Site "Warsaw POL"]
[Date "2005.07.01"]
[Round "13"]
[White "Asauskas,H"]
[Black "Abergel,T"]
[Result "1-0"]
[WhiteElo "2357"]
[BlackElo "2456"]
[EventDate "2005.06.18"]

1. e4 c5 2. Nf3 Nc6 3. d4 cxd4 4. Nxd4 Nf6 5. Nc3 d6 6. Bc4 e6 7. Bb3 a6 8.
Be3 Qc7 9. Qe2 Na5 10. O-O-O b5 11. Kb1 Nxb3 12. cxb3 Be7 13. g4 Bb7 14. f3
O-O 15. g5 Nd7 16. h4 b4 17. Na4 Nc5 18. g6 hxg6 19. h5 g5 20. Rhg1 Nxa4
21. bxa4 d5 22. Bxg5 Kh8 23. e5 Rg8 24. Qe3 Bxg5 25. Rxg5 Qe7 26. Rdg1 Rac8
27. Qf4 a5 28. Rg6 Qf8 29. Rh1 Ba6 30. h6 Bd3+ 31. Ka1 1-0